Voyages et voyageurs à Byzance et en Occident du VIe au XIe siècle : actes du colloque international organisé par la Section d'histoire de l'Université libre de Bruxelles en collaboration avec le Département des sciences historiques de l'Université de Liège (5-7 mai 1994) /

Saved in:
Bibliographic Details
Corporate Authors: Université libre de Bruxelles. Section d'histoire., Université de Liège. Département des sciences historiques.
Other Authors: Dierkens, Alain., Sansterre, Jean-Marie., Kupper, Jean-Louis.
Format: Book
Language:French
Published: Genève : Droz, 2000.
Series:Bibliothèque de la Faculté de philosophie et lettres de l'Université de Liège ; fasc. 278.
Subjects:
Tags: Add Tag
No Tags, Be the first to tag this record!
LEADER 01724cam a22003614a 4500
001 008564253-3
005 20050319113340.0
008 010119s2000 sz b 100 0 fre c
020 |a 2870192789 
035 0 |a ocm45751188 
040 |a FFD  |b fre  |c FFD  |d OHX  |d TZT  |d NOC  |d LVB  |d DDO 
041 0 |a freger 
042 |a pcc 
050 4 |a DF531  |b .V69 2000 
245 0 0 |a Voyages et voyageurs à Byzance et en Occident du VIe au XIe siècle :  |b actes du colloque international organisé par la Section d'histoire de l'Université libre de Bruxelles en collaboration avec le Département des sciences historiques de l'Université de Liège (5-7 mai 1994) /  |c édités par Alain Dierkens et Jean-Marie Sansterre ; avec la collaboration de Jean-Louis Kupper. 
260 |a Genève :  |b Droz,  |c 2000. 
300 |a 420 p. ;  |c 24 cm. 
490 1 |a Bibliothèque de la Faculté de philosophie et lettres de l'Université de Liège ;  |v fasc. 278 
546 |a French, 1 contribution in German. 
650 0 |a Travelers  |z Byzantine Empire  |v Congresses. 
650 0 |a Travel, Medieval  |v Congresses. 
650 0 |a Communication  |z Byzantine Empire  |x History  |v Congresses. 
651 0 |a Byzantine Empire  |x Description and travel  |v Congresses. 
651 0 |a Byzantine Empire  |x Civilization  |v Congresses. 
651 0 |a Byzantine Empire  |x Languages  |v Congresses. 
700 1 |a Dierkens, Alain. 
700 1 |a Sansterre, Jean-Marie. 
700 1 |a Kupper, Jean-Louis. 
710 2 |a Université libre de Bruxelles.  |b Section d'histoire. 
710 2 |a Université de Liège.  |b Département des sciences historiques. 
830 0 |a Bibliothèque de la Faculté de philosophie et lettres de l'Université de Liège ;  |v fasc. 278. 
988 |a 20020608 
906 |0 OCLC